000 00577nam a22001937i 4500
999 _c23652
_d23652
003 AR-CdUCM
008 260428b20232023 pe||||| |||| 00| 0 spa d
020 _a978-612-5102-15-7
040 _aMUNICIPALIDAD PROVINCIAL DEL CUSCO
_cBIBLIOTECA MUNICIPAL DEL CUSCO
041 _hspa
082 _a869.57
_bM681
100 _aModonese, Carlos
_952765
245 _aIndependencia :
_bNarrativa /
260 _aLima-Perú:
_bGrafos &Maquinaciones SAC.
_c2023
300 _a196 páginas. :
_c21x12 cm.
505 _aMaquinaciones
942 _2ddc
_cLIBROS
945 _apbjr
_d28-04-2026